| 000 | 00000nam##2200000za#4500 |
| 001 | 9.598014 |
| 003 | CaOODSP |
| 005 | 20210624204328 |
| 007 | cr ||||||||||| |
| 008 | 150406|1999||||xxc|||||o f|0| 0 fre|d |
| 040 | |aCaOODSP|bfre |
| 043 | |an-cn--- |
| 086 | 1 |aTU3-5/99-36F-PDF |
| 110 | 2 |aBureau de la sécurité des transports du Canada. |
| 245 | 10|aCollision avec un câble - Lakeland Airways Limited Cessna A185F C-GDIV 6 nm au sud de Temagami (Ontario) le 13 octobre 1999 |h[ressource électronique] |
| 260 | |aGatineau - Québec : |bBureau de la sécurité des transports du Canada |c[2000]. |
| 300 | |a6p. |
| 490 | 1 |aRapport d'enquête aéronautique |vA99O0244 |
| 590 | |a10-10-Supp|b2010-11-09 |
| 775 | 08|tCollision with object – wirestrike : Lakeland Airways Limited Cessna A185F C-GDIV, Temagami, Ontario 6 nm S, 13 October 1999 |w(CaOODSP)9.566543 |
| 830 | #0|aRapport d'enquête aéronautique ;|vA99O0244|w(CaOODSP)9.501229 |
| 856 | 40|ahttp://publications.gc.ca|qPDF|s85 Ko|uhttps://publications.gc.ca/collections/collection_2009/bst-tsb/TU3-5-99-36F.pdf|yA99O0244 |